| 000 | 00495nam a22001817a 4500 | ||
|---|---|---|---|
| 999 |
_c523668 _d523668 |
||
| 003 | NUST | ||
| 020 | _a9789698455256 | ||
| 038 | _awaseem | ||
| 082 |
_a891.4213 _bNUZ |
||
| 100 |
_aNuzyat, Sahista _914442 |
||
| 245 |
_aUmar-e-Niyat Waris Shah / _cSahista Nuzyat |
||
| 260 |
_aLahore : _bJumhoori Publications, _c2006. |
||
| 300 | _a332 p. ; | ||
| 500 | _aHardcover. | ||
| 880 |
_6100-02\r _aشاھستہ نزہت |
||
| 880 |
_6245-02\r _aعمرانیات وارث شاہ / |
||
| 942 |
_2ddc _cBK |
||